Design Studio Vol. 1: Everything Needs to Change: (Record no. 608546)
[ view plain ]
| 000 -LEADER | |
|---|---|
| fixed length control field | 00453nam a22001457a 4500 |
| 020 ## - INTERNATIONAL STANDARD BOOK NUMBER | |
| International Standard Book Number | 9781859469651 |
| 040 ## - CATALOGING SOURCE | |
| Transcribing agency | 0 |
| 082 ## - DEWEY DECIMAL CLASSIFICATION NUMBER | |
| Classification number | 724.6 |
| Author Mark | DES |
| 245 00 - TITLE STATEMENT | |
| Title | Design Studio Vol. 1: Everything Needs to Change: |
| Remainder of title | Architecture and the Climate Emergency/ |
| Statement of responsibility, etc. | Edited by Sofie Pelsmakers , Nick Newman. |
| 260 ## - PUBLICATION, DISTRIBUTION, ETC. | |
| Place of publication, distribution, etc. | London: |
| Name of publisher, distributor, etc. | Riba; |
| Date of publication, distribution, etc. | 2021. |
| 300 ## - PHYSICAL DESCRIPTION | |
| Extent | 154p.: |
| Other physical details | ill; |
| 700 1# - ADDED ENTRY--PERSONAL NAME | |
| Personal name | Pelsmakers,Sofie |
| 9 (RLIN) | 118994 |
| 700 1# - ADDED ENTRY--PERSONAL NAME | |
| Personal name | Newman,Nick |
| 9 (RLIN) | 121823 |
| 942 ## - ADDED ENTRY ELEMENTS (KOHA) | |
| Source of classification or shelving scheme | |
| Koha item type | Book |
| Withdrawn status | Lost status | Source of classification or shelving scheme | Damaged status | Not for loan | Permanent Location | Current Location | Date acquired | Source of acquisition | Total Checkouts | Full call number | Barcode | Date last seen | Date last checked out | Cost, replacement price | Price effective from | Koha item type |
|---|---|---|---|---|---|---|---|---|---|---|---|---|---|---|---|---|
| School of Art Design and Architecture (SADA) | School of Art Design and Architecture (SADA) | 02/28/2022 | Multiline | 1 | 724.6 DES 2021 | SADA0002914 | 06/17/2025 | 11/11/2024 | 5208.00 | 03/05/2024 | Book |
